01260nac a22002771u 4500010001600000020001500016035002000031082001500051090001500066100003400081245008200115260004600197300003300243440002400276500019200300500002600492504006600518511002600584650004800610710002900658856008600687856007400773942001700847999001500864952010300879 a 97065526 a1884207170 a(OCoLC)3657650400a668.4bPLA c9630d9630 a20080729 00aHandbook of plastics joining :ba practical guide /cPlastics Design Library. aNorwich, N.Y. :bThe Library,1997cc1997. aii, 586 p. :bill. ;c29 cm. 0aPDL handbook series a"Is a unique reference publication that provides detailed descriptions of joining processes and an extensive compilation of data on the joining of particular plastic materials" -- Introd. adistributer: Al-Ahram aIncludes bibliographical references (p. [551]-559) and index. acatalogued by: wessam 0aPlasticsxWeldingxHandbooks, manuals, etc.2 aPlastics Design Library.423Publisher descriptionuhttp://www.loc.gov/catdir/description/wap041/97065526.html423Table of contentsuhttp://www.loc.gov/catdir/toc/wap041/97065526.html cBBk668.4PLA c9630d9630 00104070aMAINbMAINc1STd2008-05-25ePurchasel0o668.4PLAp000011611r2025-07-15 00:00:00yBB